Les communes de France Quiz #2 - Statistiques

Statistiques générales
  • Ce quiz a été pris 97 fois
  • Le résultat moyen est 13 sur 15
Statistiques - réponses
Nom de la commune Nom du département où elle se situe % Correct
Bordeaux Gironde
98%
Brest Finistère
95%
Toulon Var
94%
Roubaix Nord
91%
Annecy Haute-Savoie
90%
Strasbourg Bas-Rhin
89%
Beauvais Oise
87%
Bayonne Pyrénées-Atlantiques
85%
Metz Moselle
84%
La Rochelle Charente-Maritime
83%
Reims Marne
80%
Bourges Cher
77%
Limoges Haute-Vienne
74%
Niort Deux-Sèvres
73%
Sartrouville Yvelines
57%
Aucun quiz correspondant
Distribution des résultats
% des personnes avec chaque résultat
Percentile par nombre de réponses
Votre historique - résultats
Vous n’avez pas pris ce quiz